000
00527nam a2200169Ia 4500
008
090711s9999 xx 000 0 und d
082
_b
43800
100
_a
दिघे प्रभाकर तुकाजी
245
_a
नीरक्षीर
260
_c
1981
300
_a
252
600
_a
दिघे प्रभाकर तुकाजी
630
_a
नीरक्षीर
700
_a
दिघे प्रभाकर तुकाजी
730
_a
नीरक्षीर
942
_c
BOOK
999
_c
295937
_d
295937